ARRUPE JESUIT UNIVERSITY

CORONAVIRUS -STOP THE SPREAD - CLEAN,DISINFECT,COVER

Science, chance, and providence : (Record no. 118419)

MARC details
000 -LEADER
fixed length control field 01052cam a2200289 i 4500
001 - CONTROL NUMBER
control field 360108
003 - CONTROL NUMBER IDENTIFIER
control field ARRUPE
005 - DATE AND TIME OF LATEST TRANSACTION
control field 20131023143526.0
008 - FIXED-LENGTH DATA ELEMENTS--GENERAL INFORMATION
fixed length control field 780104s1978 enka b 000 0 eng
010 ## - LIBRARY OF CONGRESS CONTROL NUMBER
LC control number 77030638
015 ## - NATIONAL BIBLIOGRAPHY NUMBER
National bibliography number GB78
020 ## - INTERNATIONAL STANDARD BOOK NUMBER
International Standard Book Number 0197139159 :
Terms of availability £3.50
040 ## - CATALOGING SOURCE
Original cataloging agency DLC
Transcribing agency DLC
Modifying agency DLC
050 00 - LIBRARY OF CONGRESS CALL NUMBER
Classification number BL241
Item number .M19
082 00 - DEWEY DECIMAL CLASSIFICATION NUMBER
Classification number 215
300 ## - PHYSICAL DESCRIPTION
Other physical details ill. ;
Dimensions 20 cm.
100 1# - MAIN ENTRY--PERSONAL NAME
Personal name MacKay, Donald MacCrimmon,
Dates associated with a name 1922-
9 (RLIN) 2814
245 10 - TITLE STATEMENT
Title Science, chance, and providence :
Remainder of title the Riddell memorial lectures, forty-sixth series delivered at the University of Newcastle upon Tyne on 15, 16, and 17 March 1977 /
Statement of responsibility, etc by Donald M. MacKay.
260 ## - PUBLICATION, DISTRIBUTION, ETC. (IMPRINT)
Place of publication, distribution, etc Oxford [Eng.] ;
-- New York :
Name of publisher, distributor, etc Oxford University Press,
Date of publication, distribution, etc 1978.
300 ## - PHYSICAL DESCRIPTION
Extent 67 p. :
440 #0 - SERIES STATEMENT/ADDED ENTRY--TITLE
Title Riddell memorial lectures ;
Volume number/sequential designation 46th ser.
9 (RLIN) 2815
504 ## - BIBLIOGRAPHY, ETC. NOTE
Bibliography, etc Includes bibliographical references.
650 #0 - SUBJECT ADDED ENTRY--TOPICAL TERM
Topical term or geographic name as entry element Religion and science.
9 (RLIN) 2816
650 #0 - SUBJECT ADDED ENTRY--TOPICAL TERM
Topical term or geographic name as entry element Chance.
9 (RLIN) 2817
650 #0 - SUBJECT ADDED ENTRY--TOPICAL TERM
Topical term or geographic name as entry element Providence and government of God.
9 (RLIN) 2818
906 ## - LOCAL DATA ELEMENT F, LDF (RLIN)
a 7
b cbc
c orignew
d 1
e ocip
f 19
g y-gencatlg
942 ## - ADDED ENTRY ELEMENTS (KOHA)
Source of classification or shelving scheme Library of Congress Classification
Koha item type Monograph ( Printed materials)
Holdings
Withdrawn status Lost status Source of classification or shelving scheme Damaged status Not for loan Home library Current library Date acquired Total Checkouts Full call number Barcode Date last seen Price effective from Koha item type
    Library of Congress Classification     ARRUPE LIBRARY ARRUPE LIBRARY 23/10/2013   BL240 .M153 1978 46411505 26/10/2016 23/10/2013 Monograph ( Printed materials)

 

Arrupe Library. PO Box MP320 Mt Pleasant, Harare, Zimbabwe
263 242 745411|librarian@aju.ac.zw